000 01191nam a22003497a 4500
003 CHAP
005 20220329143522.0
008 100325s1992 mx a -r- 00010 spa d
010 _a97894
011 _a98866
020 _a9683625258
035 _a109551
040 _cCHAP
082 1 4 _a581.09034
_bN22
100 1 _aNavarro, Juan
_980603
245 1 0 _aHistoria natural o jardín americano :
_bmanuscrito de 1801
_c/por Juan Navarro
260 _aMéxico, D. F. :
_bUNAM,
_c1992
300 _a314 p. :
_bilus.
590 _aBATCH-UPD
_b10
_c20130110
_lUCH01
_h1005
590 _aBATCH-UPD
_b10
_c20130410
_lUCH01
_h0615
590 _aBATCH-UPD
_b10
_c20130914
_lUCH01
_h0742
590 _aCONVERSION
_b10
_c20130109
_lUCH01
_h1354
650 1 4 _aBotánica médica.
_914680
650 1 4 _aEtnobotánica.
_938611
650 1 4 _aJardines botánicos.
_961162
650 1 4 _aMedicina tradicional.
_973921
710 0 _aInstituto de Seguridad y Servicios Sociales de los Trabajadores del Estado. México.
_959178
710 0 _aInstituto Mexicano del Seguro Social.
_959268
901 _aBK
942 _cLIBRO
949 _a581.09034 N22
_bBC
_cLIBRO
_d33724002162678
_eLIBRO
_gI.c/e
_h112135
_i109551
_sb
999 _c97894
_d97894